Loreto College Library, Kolkata
WEBOPAC (ONLINE PUBLIC ACCESS CATALOGUE)

The Libertarian alternative (Record no. 368)

MARC details
000 -LEADER
fixed length control field 00638nam a2200205Ia 4500
005 - DATE AND TIME OF LATEST TRANSACTION
control field 20210908114639.0
008 - FIXED-LENGTH DATA ELEMENTS--GENERAL INFORMATION
fixed length control field 131103s9999 xx 000 0 und d
020 ## - ISBN | অাই এস বি এন
ISBN | অাই এস বি এন 0-911012-72-9
040 ## - CATALOGING SOURCE
Original cataloging agency Loreto College
041 ## - LANGUAGE CODE
Language code English
082 ## - DDC | ডিউই
Classification number | বর্গসংখ্যা 320
Book Number | গ্রন্থাঙ্ক MAC
245 #4 - TITLE STATEMENT | অাখ্যা বিবরণী
Title | অাখ্যা The Libertarian alternative
Sub title | উপঅাখ্যা essays in the social and political philosophy
Statement of responsibility | লেখকের দায়িত্বের বিবরণ [edited by] Tibor R. Machan
260 ## - IMPRINT | প্রকাশনা ক্ষেত্র
Place of publication | প্রকাশ স্থান Chicago
Name of publisher | প্রকাশকের নাম Nelson Hall Co.
Date of publication | প্রকাশ কাল c1974
300 ## - PHYSICAL DESCRIPTION |
Page / Vol. No | পৃষ্ঠা / খন্ড সংখ্যা xv,553 p.
504 ## - BIBLIOGRAPHY, ETC. NOTE
Bibliography, etc Includes bibliographical references
650 ## - SUBJECT ADDED ENTRY--TOPICAL TERM | বিষয় শিরোনাম - মূল বিষয়
Topical term | মূল বিষয় Politics - Political Ideology - Libertarianism -
651 ## - SUBJECT ADDED ENTRY--GEOGRAPHIC NAME | বিষয় শিরোনাম - ভৌগলিক নাম
Geographic name | ভৌগলিক বিষয় Political Science -
850 ## - HOLDING INSTITUTION
Holding institution LCLIB
942 ## - ADDED ENTRY ELEMENTS (KOHA)
Koha item type Books
Holdings
Withdrawn status Lost status Source of classification Damaged status Not for loan Home library Current library Date acquired Total Checkouts Full call number Accession No. Date last seen Price effective from Koha item type
    Dewey Decimal Classification     Loreto College Loreto College 04/11/2013   320 MAC 26771 B377 04/11/2013 04/11/2013 Books